[Event "Prague Holiday K31"]
[White "Sedivy, Ondrej"]
[Black "Schoenenborn, Winfried"]
[Site "Prague"]
[Round "6"]
[Result "1/2-1/2"]
[Date "2015.08.05"]
[WhiteElo "1791"]
[BlackElo "2010"]
[PlyCount "76"]
[EventDate "2015.08.02"]
[EventType "tourn"]
[EventRounds "9"]
[EventCountry "CZE"]
[SourceTitle "EXT 2017"]
[Source "ChessBase"]
[SourceDate "2016.10.25"]
[SourceVersion "1"]
[SourceVersionDate "2016.10.25"]
[SourceQuality "1"]

1. c4 e5 2. Nc3 Nf6 3. g3 g6 4. Bg2 Bg7 5. e3 Nc6 6. Nge2 d6 7. 0-0 0-0 8. d4 exd4 9. Nxd4 Nxd4 10. exd4 Re8 11. b3 c6 12. Bb2 Bf5 13. Qd2 Qd7 14. d5 Ne4 15. Nxe4 Bxb2 16. Qxb2 Bxe4 17. dxc6 Bxc6 18. Rad1 Bxg2 19. Kxg2 Qc6+ 20. Kg1 Re6 21. Rfe1 Rae8 22. Rxe6 Rxe6 23. Qd4 Qf3 24. Qd5 Qxd5 25. Rxd5 Kf8 26. Kf1 Ke7 27. f4 f5 28. Kf2 b6 29. a4 Kd7 30. a5 h5 31. axb6 axb6 32. Rd3 Kc6 33. Rd5 Re4 34. h3 Kc7 35. Rd3 Kc6 36. Rd5 h4 37. Rd3 hxg3+ 38. Kxg3 Re6 1/2-1/2

[Event "Prague Holiday K31"]
[White "Schoenenborn, Winfried"]
[Black "Pavlicek, Petr"]
[Site "Prague"]
[Round "5"]
[Result "0-1"]
[Date "2015.08.04"]
[WhiteElo "2010"]
[BlackElo "1931"]
[PlyCount "64"]
[EventDate "2015.08.02"]
[EventType "tourn"]
[EventRounds "9"]
[EventCountry "CZE"]
[SourceTitle "EXT 2017"]
[Source "ChessBase"]
[SourceDate "2016.10.25"]
[SourceVersion "1"]
[SourceVersionDate "2016.10.25"]
[SourceQuality "1"]

1. c4 Nf6 2. g3 g6 3. Bg2 d5 4. cxd5 Nxd5 5. Nc3 Nxc3 6. bxc3 Bg7 7. d4 0-0 8. e3 c5 9. Ne2 Qa5 10. Bd2 Nc6 11. 0-0 Rd8 12. h3 Qa6 13. Re1 Na5 14. a4 Be6 15. Rb1 Rab8 16. Qc2 Bc4 17. Nc1 Rbc8 18. Qe4 e5 19. Bf1 Bxf1 20. Rxf1 exd4 21. cxd4 Nc4 22. Nb3 Nxd2 23. Nxd2 cxd4 24. Rxb7 Qxa4 25. Qe7 Qe8 26. Qxe8+ Rxe8 27. Rxa7 Rc2 28. Rd1 dxe3 29. fxe3 Rxe3 30. Nf1 Re8 31. Rdd7 Bf8 32. Rxf7 Bc5+ 0-1

[Event "Prague Holiday K31"]
[White "Staufenberger, Bernd"]
[Black "Schoenenborn, Winfried"]
[Site "Prague"]
[Round "3"]
[Result "1-0"]
[Date "2015.08.03"]
[WhiteElo "2016"]
[BlackElo "2010"]
[PlyCount "73"]
[EventDate "2015.08.02"]
[EventType "tourn"]
[EventRounds "9"]
[EventCountry "CZE"]
[SourceTitle "EXT 2017"]
[Source "ChessBase"]
[SourceDate "2016.10.25"]
[SourceVersion "1"]
[SourceVersionDate "2016.10.25"]
[SourceQuality "1"]

1. e4 e5 2. f4 exf4 3. Nf3 d6 4. Bc4 Be6 5. Bxe6 fxe6 6. d4 Be7 7. Bxf4 Nf6 8. Nc3 0-0 9. Qd2 Nh5 10. Be3 Nd7 11. 0-0 e5 12. Rad1 c5 13. dxc5 Nxc5 14. Qd5+ Kh8 15. Bxc5 dxc5 16. Qxe5 Qe8 17. Nd5 Bd8 18. Qxe8 Rxe8 19. e5 g6 20. g4 Ng7 21. Nf6 Bxf6 22. exf6 Ne6 23. Rd7 Rf8 24. g5 b6 25. Rfd1 Rad8 26. R1d6 Rxd7 27. Rxd7 h6 28. h4 hxg5 29. hxg5 Rd8 30. Rxd8+ Nxd8 31. Kf2 Kg8 32. Ke3 Kf7 33. Ne5+ Ke6 34. Ke4 Nb7 35. Nxg6 Nd6+ 36. Kf4 Ne8 37. Ne5 1-0

[Event "Prague Holiday K31"]
[White "Schoenenborn, Winfried"]
[Black "Garcia Ruiz, Adrian"]
[Site "Prague"]
[Round "2"]
[Result "0-1"]
[Date "2015.08.02"]
[WhiteElo "2010"]
[BlackElo "1867"]
[PlyCount "78"]
[EventDate "2015.08.02"]
[EventType "tourn"]
[EventRounds "9"]
[EventCountry "CZE"]
[SourceTitle "EXT 2017"]
[Source "ChessBase"]
[SourceDate "2016.10.25"]
[SourceVersion "1"]
[SourceVersionDate "2016.10.25"]
[SourceQuality "1"]

1. e4 c5 2. Nf3 d6 3. d4 cxd4 4. Nxd4 Nf6 5. Nc3 a6 6. Be2 e6 7. 0-0 Be7 8. Be3 Qc7 9. f4 Nc6 10. g4 0-0 11. g5 Nd7 12. h4 Nxd4 13. Bxd4 e5 14. Nd5 Qd8 15. Be3 exf4 16. Rxf4 b5 17. Qd4 Bb7 18. Rd1 Bxd5 19. Qxd5 Ne5 20. Bh5 g6 21. Be2 Rc8 22. c3 Qd7 23. Bd4 Qh3 24. Bxe5 dxe5 25. Qxe5 Bc5+ 26. Rd4 Qg3+ 27. Kh1 Bxd4 28. cxd4 Rc1+ 29. Rf1 Qxh4+ 30. Kg2 Rxf1 31. Bxf1 Qg4+ 32. Kf2 Rc8 33. Bd3 Qd1 34. Ke3 Qc1+ 35. Kf3 Qd2 36. Bf1 Qxb2 37. Bd3 Qd2 38. Be2 Rc3+ 39. Kf2 Qe3+ 0-1

[Event "Prague Holiday K31"]
[White "Schoenmakers, Nico"]
[Black "Schoenenborn, Winfried"]
[Site "Prague"]
[Round "1"]
[Result "1-0"]
[Date "2015.08.02"]
[WhiteElo "1866"]
[BlackElo "2010"]
[PlyCount "99"]
[EventDate "2015.08.02"]
[EventType "tourn"]
[EventRounds "9"]
[EventCountry "CZE"]
[SourceTitle "EXT 2017"]
[Source "ChessBase"]
[SourceDate "2016.10.25"]
[SourceVersion "1"]
[SourceVersionDate "2016.10.25"]
[SourceQuality "1"]

1. e4 c5 2. Nf3 e6 3. d4 cxd4 4. Nxd4 a6 5. a3 Nc6 6. Nc3 Nf6 7. Be2 d6 8. 0-0 Be7 9. Kh1 0-0 10. f4 Qc7 11. Bf3 Nxd4 12. Qxd4 Rd8 13. Be3 Nd7 14. Qd2 b5 15. Bd4 Bb7 16. Rad1 Bf6 17. Bxf6 Nxf6 18. Qe3 Rac8 19. Rd2 Qc5 20. Re1 d5 21. Qxc5 Rxc5 22. exd5 Nxd5 23. Re5 Kf8 24. Nxd5 Bxd5 25. Bxd5 exd5 26. Kg1 Rdc8 27. c3 a5 28. Rexd5 Rxd5 29. Rxd5 b4 30. axb4 axb4 31. Rd3 bxc3 32. bxc3 Rc4 33. g3 Re4 34. Kf2 f5 35. Re3 Ra4 36. h3 Kf7 37. Ke2 h6 38. h4 Kf6 39. Kd3 g5 40. fxg5+ hxg5 41. hxg5+ Kxg5 42. c4 Kg4 43. Kd4 Ra1 44. Rc3 Rd1+ 45. Ke5 Re1+ 46. Kf6 f4 47. gxf4 Kxf4 48. c5 Ke4 49. c6 Kd5 50. c7 1-0